| 000 | 00513nam a22001937a 4500 | ||
|---|---|---|---|
| 003 | MPLRDC | ||
| 005 | 20220104154821.0 | ||
| 008 | 210129b ||||| |||| 00| 0 eng d | ||
| 020 | _a957-30565-8-5 | ||
| 082 | _a177.2 CJC | ||
| 100 | _a沈世玲、陈锦昌合著 | ||
| 245 |
_a白手起家 _c |
||
| 250 | _a初版 | ||
| 260 |
_a台湾 _b传智国际文化事业股份有限公司 _c2002 |
||
| 300 | _b平 | ||
| 490 | _a激励系列. B035 | ||
| 650 | _a应用心理学--成功法 | ||
| 942 |
_cBK _o177.2 CJC |
||
| 999 |
_c54172 _d54162 |
||